| 000 | 00509nam a2200193 a 4500 | ||
|---|---|---|---|
| 001 | 3597 | ||
| 005 | 20140414132017.0 | ||
| 008 | 040603s19uu xx 00 eng d | ||
| 020 | _a0-02-778023-6 | ||
| 050 |
_aTR _bEV2G 1993 |
||
| 100 | _aRylant, Cynthia | ||
| 245 |
_aEveryday garden / _cCynthia Rylant. |
||
| 260 |
_aNew York : _bBradbury Press, _c1993. |
||
| 300 | _a1 v. : ill. ; cm. | ||
| 440 | _aThe Everyday Books | ||
| 650 |
_aGardens _xFiction. |
||
| 650 | _aChildren stories. | ||
| 999 |
_c113383 _d113383 |
||